|
|
|
|
| LEADER |
00751cam a2200193 7i4500 |
| 001 |
0000048497 |
| 005 |
20190404090000.0 |
| 020 |
|
|
|a 9789830684796
|
| 090 |
0 |
0 |
|a JQ1062.A58
|b N35 2009
|
| 100 |
0 |
|
|a Najib Tun Razak
|
| 245 |
1 |
0 |
|a Menakhoda zaman = Helming the times
|c Najib Tun Razak.
|
| 260 |
|
|
|a Kuala Lumpur:
|b Institut Terjemahan Negara Malaysia Berhad,
|c 2009.
|
| 300 |
|
|
|a 1 v. (various pagings);
|c 23 cm.
|
| 500 |
|
|
|a Gift: Zainol Ahmad Resource Center
|
| 650 |
0 |
0 |
|a Speeches, addresses, etc
|
| 650 |
0 |
0 |
|a Prime ministers --
|x Addresses, essays, lectures --
|z Malaysia
|
| 651 |
|
0 |
|a Malaysia --
|x Politics and government
|
| 999 |
|
|
|a 0000058140
|b BOK
|c OPEN SHELF
|e 1st Floor, Bestari Jaya
|
| 999 |
|
|
|a 0000065234
|b BOK
|c OPEN SHELF
|e 1st Floor, Bestari Jaya
|